The heritage of America

সংরক্ষণ করুন:
গ্রন্থ-পঞ্জীর বিবরন
বিন্যাস: গ্রন্থ
ভাষা:Undetermined
প্রকাশিত: Boston, Massachusetts Little, Brown 1949
বিষয়গুলি:
ট্যাগগুলো: ট্যাগ যুক্ত করুন
কোনো ট্যাগ নেই, প্রথমজন হিসাবে ট্যাগ করুন!
Thư viện lưu trữ: Trung tâm Học liệu Trường Đại học Cần Thơ
LEADER 00417nam a2200157Ia 4500
001 CTU_26895
008 210402s9999 xx 000 0 und d
082 |a 973 
082 |b H546 
245 4 |a The heritage of America 
260 |a Boston, Massachusetts 
260 |b Little, Brown 
260 |c 1949 
650 |a america - history 
904 |i Minh, 981021 
980 |a Trung tâm Học liệu Trường Đại học Cần Thơ